[Event "Titled Tuesday intern op 15th Aug Late"]
[Site "Chess.com INT"]
[Date "2023.08.15"]
[Round "4"]
[White "Sroczynski, Maciej"]
[Black "Pein, Malcolm"]
[Result "1-0"]
[WhiteElo "2271"]
[BlackElo "2303"]
[PlyCount "81"]
[EventDate "2023.08.15"]
[EventType "swiss (blitz)"]
[EventRounds "11"]
[EventCountry "USA"]
[SourceTitle "EXT 2024"]
[Source "ChessBase"]
[SourceDate "2023.10.10"]
[SourceVersion "1"]
[SourceVersionDate "2023.10.10"]
[SourceQuality "1"]

1. Nf3 Nf6 2. g3 b6 3. Bg2 Bb7 4. 0-0 e6 5. d3 d5 6. Nbd2 Nbd7 7. Qe1 Bc5 8. c3 0-0 9. b4 Bd6 10. a4 c5 11. Ba3 Re8 12. e4 dxe4 13. dxe4 Ne5 14. Qe2 cxb4 15. cxb4 Qe7 16. Nxe5 Bxe5 17. Rac1 Bd4 18. Nc4 e5 19. b5 Bc5 20. Bxc5 Qxc5 21. Na5 Qe7 22. Nc6 Bxc6 23. Rxc6 Nd7 24. a5 Nc5 25. axb6 axb6 26. Rxb6 Ne6 27. Ra6 Nd4 28. Qd3 Rab8 29. Rb1 Rec8 30. b6 Rc3 31. Qd1 Qc5 32. b7 Rc2 33. Ra8 Qc7 34. Rxb8+ Qxb8 35. f4 h6 36. fxe5 Rc4 37. Qd3 Ra4 38. e6 Nxe6 39. e5 Qa7+ 40. Kh1 Qb8 41. Qd6 1-0

[Event "Titled Tuesday intern op 01st Aug Late"]
[Site "Chess.com INT"]
[Date "2023.08.01"]
[Round "4"]
[White "Herman, Daniel"]
[Black "Pein, Malcolm"]
[Result "1-0"]
[WhiteElo "1928"]
[BlackElo "2303"]
[PlyCount "53"]
[EventDate "2023.08.01"]
[EventType "swiss (blitz)"]
[EventRounds "11"]
[EventCountry "USA"]
[SourceTitle "EXT 2024"]
[Source "ChessBase"]
[SourceDate "2023.10.10"]
[SourceVersion "1"]
[SourceVersionDate "2023.10.10"]
[SourceQuality "1"]

1. d4 Nf6 2. c4 g6 3. f3 d6 4. e4 Bg7 5. Nc3 0-0 6. Be3 Nc6 7. Qd2 a6 8. 0-0-0 e5 9. Nge2 b5 10. d5 Na5 11. Ng3 bxc4 12. h4 h5 13. Na4 c6 14. Bb6 Qe8 15. Qxa5 cxd5 16. exd5 e4 17. Bxc4 Bd7 18. Kb1 Bxa4 19. Rde1 Bb5 20. Bb3 Rb8 21. Bd4 Bd3+ 22. Ka1 Rb5 23. Qc3 Nxd5 24. Bxd5 Bxd4 25. Qxd4 Qd8 26. Nxe4 Qa5 27. Nf6+ 1-0

[Event "Titled Tuesday intern op 01st Aug Late"]
[Site "Chess.com INT"]
[Date "2023.08.01"]
[Round "1"]
[White "Pein, Malcolm"]
[Black "Olenik Campa, Rudi"]
[Result "1-0"]
[WhiteElo "2303"]
[BlackElo "2298"]
[PlyCount "95"]
[EventDate "2023.08.01"]
[EventType "swiss (blitz)"]
[EventRounds "11"]
[EventCountry "USA"]
[SourceTitle "EXT 2024"]
[Source "ChessBase"]
[SourceDate "2023.10.10"]
[SourceVersion "1"]
[SourceVersionDate "2023.10.10"]
[SourceQuality "1"]

1. d4 e6 2. e4 b6 3. Nc3 Bb7 4. Bd3 Nc6 5. Nf3 Nb4 6. Be2 Nf6 7. a3 Nc6 8. e5 Ng8 9. 0-0 Be7 10. d5 exd5 11. Nxd5 Bc5 12. b4 Be7 13. Bf4 Rc8 14. Qd2 h6 15. Bc4 g5 16. Bg3 Kf8 17. Qc3 Rh7 18. Rad1 h5 19. Qd3 Rg7 20. h3 g4 21. hxg4 hxg4 22. Nh2 Bh4 23. Qf5 Rg5 24. Qh7 Bxg3 25. fxg3 Rg7 26. Qf5 Nh6 27. Qf4 Qg5 28. Nf6 Qxf4 29. gxf4 d6 30. exd6 cxd6 31. Rxd6 Rg6 32. f5 Rg5 33. Nh7+ Kg7 34. Nxg5 Ne5 35. f6+ Kg6 36. Bd3+ Kxg5 37. Rd4 g3 38. Nf3+ Nxf3+ 39. gxf3 Nf5 40. Rg4+ Kxf6 41. Rf4 g2 42. Rxf5+ Ke6 43. Kxg2 Rg8+ 44. Kf2 Kd6 45. Re1 Kc7 46. Rxf7+ Kb8 47. Ree7 Bc6 48. Be4 1-0

[Event "Titled Tuesday intern op 01st Aug Late"]
[Site "Chess.com INT"]
[Date "2023.08.01"]
[Round "3"]
[White "Pein, Malcolm"]
[Black "Vovk, Orest"]
[Result "0-1"]
[WhiteElo "2303"]
[BlackElo "2315"]
[PlyCount "60"]
[EventDate "2023.08.01"]
[EventType "swiss (blitz)"]
[EventRounds "11"]
[EventCountry "USA"]
[SourceTitle "EXT 2024"]
[Source "ChessBase"]
[SourceDate "2023.10.10"]
[SourceVersion "1"]
[SourceVersionDate "2023.10.10"]
[SourceQuality "1"]

1. Nf3 h6 2. a3 g5 3. b4 Bg7 4. Ra2 d5 5. e3 g4 6. Ng1 Nf6 7. Bb2 Be6 8. Ne2 d4 9. Ra1 dxe3 10. fxe3 Nc6 11. Nf4 Bf5 12. Bc4 e5 13. Nd3 Ne4 14. 0-0 Qg5 15. b5 Na5 16. Bd5 0-0-0 17. Bxe4 Bxe4 18. Rxf7 Nc4 19. Nc3 Bxd3 20. cxd3 Nxb2 21. Qb3 Nxd3 22. Nd5 e4 23. Nxc7 Bxa1 24. Qe6+ Kb8 25. Na6+ Ka8 26. Qxe4 Nc5 27. Nxc5 Qd5 28. Qc2 Rc8 29. d4 Rhf8 30. Rd7 Qxd7 0-1

[Event "Famalicao op 10th"]
[Site "Vila Nova de Famalicao"]
[Date "2023.07.28"]
[Round "7"]
[White "Goncalves, Samuel Jesus P"]
[Black "Pein, Malcolm"]
[Result "1/2-1/2"]
[WhiteElo "2033"]
[BlackElo "2303"]
[PlyCount "45"]
[EventDate "2023.07.24"]
[EventType "swiss"]
[EventRounds "9"]
[EventCountry "POR"]
[SourceTitle "EXT 2024"]
[Source "ChessBase"]
[SourceDate "2023.10.10"]
[SourceVersion "1"]
[SourceVersionDate "2023.10.10"]
[SourceQuality "1"]

1. e4 d6 2. d4 Nf6 3. Nc3 g6 4. Be3 c6 5. Qd2 Nbd7 6. Nf3 Qc7 7. Bd3 Ng4 8. Bg5 h6 9. Bh4 Bg7 10. 0-0 e5 11. d5 0-0 12. dxc6 bxc6 13. Bc4 g5 14. Bg3 Nb6 15. Bb3 Be6 16. h4 gxh4 17. Nxh4 Qe7 18. Rad1 Rad8 19. Qe2 Qg5 20. Nf3 Qe7 21. Nh4 Qg5 22. Nf3 Qe7 23. Nh4 1/2-1/2

[Event "Titled Tuesday intern op 24th Jan Late"]
[Site "Chess.com INT"]
[Date "2023.01.24"]
[Round "1"]
[White "Pein, Malcolm"]
[Black "Aldokhin, Ivan"]
[Result "0-1"]
[WhiteElo "2302"]
[BlackElo "2413"]
[PlyCount "128"]
[EventDate "2023.01.24"]
[EventType "swiss (blitz)"]
[EventRounds "11"]
[EventCountry "USA"]
[SourceTitle "EXT 2024"]
[Source "ChessBase"]
[SourceDate "2023.10.10"]
[SourceVersion "1"]
[SourceVersionDate "2023.10.10"]
[SourceQuality "1"]

1. d4 Nf6 2. c4 g6 3. Nc3 Bg7 4. Nf3 d6 5. g3 0-0 6. Bg2 Nc6 7. 0-0 Bf5 8. Ne1 e5 9. d5 Ne7 10. e4 Bd7 11. Nd3 c6 12. h3 cxd5 13. cxd5 Nh5 14. a4 Rc8 15. Be3 a6 16. a5 f5 17. exf5 Nxf5 18. Bb6 Qe7 19. Ne4 Nf6 20. Ng5 e4 21. Re1 Nxd5 22. Bxe4 Qxg5 23. Bxd5+ Kh8 24. Bxb7 Nxg3 25. fxg3 Qxg3+ 26. Bg2 Bxh3 27. Re2 Bg4 28. Qd2 Bxe2 29. Qxe2 Rce8 30. Qd2 Rf3 31. Nf2 Ref8 32. Rd1 Be5 33. Bd4 Qh2+ 34. Kf1 Bxd4 35. Qxd4+ Kg8 36. Qd5+ R3f7 37. Rd2 Kg7 38. Qd4+ Kg8 39. Qd5 Kg7 40. Qd4+ Qe5 41. Qxe5+ dxe5 42. Ke1 Rb8 43. Ne4 Rc7 44. Ng5 Rc5 45. Ne6+ Kf6 46. Nxc5 Rb5 47. Nd7+ Kf5 48. Bh3+ Kf4 49. Rf2+ Kg3 50. Bf1 Rxa5 51. Re2 Ra1+ 52. Kd2 Rxf1 53. Rxe5 h5 54. Re6 g5 55. Rxa6 h4 56. Rh6 h3 57. Ke2 Rf2+ 58. Ke1 Rxb2 59. Nf6 h2 60. Ne4+ Kf3 61. Nd2+ Kg2 62. Ke2 h1Q 63. Rxh1 Kxh1 64. Kf3 Rxd2 0-1

[Event "Titled Tuesday intern op 24th Jan Late"]
[Site "Chess.com INT"]
[Date "2023.01.24"]
[Round "9"]
[White "Pein, Malcolm"]
[Black "Silva, Miguel Antonio Neto"]
[Result "1-0"]
[WhiteElo "2302"]
[BlackElo "2213"]
[PlyCount "135"]
[EventDate "2023.01.24"]
[EventType "swiss (blitz)"]
[EventRounds "11"]
[EventCountry "USA"]
[SourceTitle "EXT 2024"]
[Source "ChessBase"]
[SourceDate "2023.10.10"]
[SourceVersion "1"]
[SourceVersionDate "2023.10.10"]
[SourceQuality "1"]

1. d4 Nf6 2. Nc3 d5 3. Bf4 a6 4. e3 g6 5. Nf3 Bg7 6. h4 h6 7. Be2 Bf5 8. Qd2 c6 9. Ne5 Nfd7 10. g4 Be6 11. 0-0-0 Qa5 12. Kb1 Nxe5 13. Bxe5 Bxe5 14. dxe5 Nd7 15. f4 0-0-0 16. Rhf1 f5 17. h5 gxh5 18. gxf5 Bxf5 19. Bxh5 Nb6 20. b3 e6 21. Rg1 Qb4 22. Qd4 Qa5 23. Qd2 Qb4 24. Ne2 Qxd2 25. Rxd2 Rhg8 26. Rdd1 Rdf8 27. Nd4 Kd7 28. Nxf5 exf5 29. Bf7 Rxg1 30. e6+ Ke7 31. Rxg1 Nc8 32. Rg7 Nd6 33. Bh5+ Kxe6 34. Rh7 Rf6 35. Kc1 d4 36. exd4 Kd5 37. c3 Ke4 38. Kd2 Kxf4 39. Kd3 Ne4 40. Rxb7 Ng3 41. Bd1 h5 42. Rh7 Kg5 43. c4 f4 44. Bf3 h4 45. d5 cxd5 46. cxd5 Nf5 47. Ke4 Ng3+ 48. Ke5 Rf5+ 49. Ke6 Rf6+ 50. Ke7 Nf5+ 51. Ke8 Nd4 52. Be4 f3 53. Rg7+ Kf4 54. Bd3 f2 55. Rh7 Ke3 56. Bc4 Nf3 57. Ke7 Rf4 58. Bxa6 Nd2 59. d6 f1Q 60. Bxf1 Nxf1 61. d7 Re4+ 62. Kf6 Rd4 63. Ke7 Ng3 64. d8Q Rxd8 65. Kxd8 Nf5 66. a4 Kd3 67. a5 Kc3 68. a6 1-0

[Event "Titled Tuesday intern op 24th Jan Late"]
[Site "Chess.com INT"]
[Date "2023.01.24"]
[Round "10"]
[White "Shuvalov, Evgenij"]
[Black "Pein, Malcolm"]
[Result "1/2-1/2"]
[WhiteElo "2149"]
[BlackElo "2302"]
[PlyCount "78"]
[EventDate "2023.01.24"]
[EventType "swiss (blitz)"]
[EventRounds "11"]
[EventCountry "USA"]
[SourceTitle "EXT 2024"]
[Source "ChessBase"]
[SourceDate "2023.10.10"]
[SourceVersion "1"]
[SourceVersionDate "2023.10.10"]
[SourceQuality "1"]

1. d4 Nf6 2. c4 c5 3. d5 d6 4. Nc3 g6 5. e4 Bg7 6. h3 0-0 7. Nf3 b5 8. cxb5 a6 9. a4 Qa5 10. Bd2 Qb4 11. Qc2 e6 12. dxe6 Bxe6 13. Be2 axb5 14. Nd5 Nxd5 15. exd5 Bf5 16. Bxb4 Bxc2 17. Bc3 Bxc3+ 18. bxc3 Rxa4 19. Kd2 Be4 20. Bxb5 Rxa1 21. Rxa1 Bxd5 22. Ra7 Bc6 23. Bxc6 Nxc6 24. Rc7 Ne5 25. Nxe5 dxe5 26. Rxc5 Rd8+ 27. Ke3 f6 28. Rc7 Rd1 29. h4 Re1+ 30. Kf3 f5 31. g3 e4+ 32. Kf4 Rf1 33. Kg5 Rxf2 34. Kf6 h5 35. Rc8+ Kh7 36. Rc7+ Kh6 37. Rc8 Kh7 38. Rc7+ Kh6 39. Rc8 Kh7 1/2-1/2

[Event "Titled Tuesday intern op 03rd Jan Early"]
[Site "Chess.com INT"]
[Date "2023.01.03"]
[Round "5"]
[White "Kopczynski, Michal"]
[Black "Pein, Malcolm"]
[Result "1-0"]
[WhiteElo "2225"]
[BlackElo "2302"]
[PlyCount "101"]
[EventDate "2023.01.03"]
[EventType "swiss (blitz)"]
[EventRounds "11"]
[EventCountry "USA"]
[SourceTitle "EXT 2024"]
[Source "ChessBase"]
[SourceDate "2023.10.10"]
[SourceVersion "1"]
[SourceVersionDate "2023.10.10"]
[SourceQuality "1"]

1. e4 e5 2. Nf3 Nc6 3. Bb5 a6 4. Ba4 Nf6 5. 0-0 Be7 6. Re1 b5 7. Bb3 0-0 8. a4 b4 9. h3 d5 10. exd5 e4 11. Nh2 Nd4 12. d3 Nxb3 13. cxb3 exd3 14. Qxd3 Bb7 15. Bg5 Re8 16. Nd2 h6 17. Bxf6 Bxf6 18. Rxe8+ Qxe8 19. Ng4 Bxb2 20. Rb1 Bc3 21. Ne4 Rd8 22. Nxc3 bxc3 23. Qxc3 Qe4 24. Re1 Qxd5 25. Ne3 Qd2 26. Rc1 Qxc3 27. Rxc3 Rd7 28. Kf1 Kf8 29. Ke2 Ke7 30. f3 Ke6 31. Nc4 f5 32. Re3+ Kf6 33. Rc3 f4 34. Na5 Bd5 35. Nc6 g5 36. Nb8 Re7+ 37. Kd2 a5 38. Na6 c6 39. Nc5 Ke5 40. Rd3 Ra7 41. Kc3 Ra8 42. Rd2 Kd6 43. Ne4+ Ke5 44. Nf2 Rb8 45. Ng4+ Ke6 46. Re2+ Kf5 47. Rb2 h5 48. Nf2 Rb4 49. Nd3 Rb8 50. Nc5 Kf6 51. Nd7+ 1-0

[Event "Titled Tuesday intern op 03rd Jan Early"]
[Site "Chess.com INT"]
[Date "2023.01.03"]
[Round "3"]
[White "Pein, Malcolm"]
[Black "Iskusnyh, Sergei"]
[Result "0-1"]
[WhiteElo "2302"]
[BlackElo "2443"]
[PlyCount "42"]
[EventDate "2023.01.03"]
[EventType "swiss (blitz)"]
[EventRounds "11"]
[EventCountry "USA"]
[SourceTitle "EXT 2024"]
[Source "ChessBase"]
[SourceDate "2023.10.10"]
[SourceVersion "1"]
[SourceVersionDate "2023.10.10"]
[SourceQuality "1"]

1. d4 d5 2. c4 c6 3. Nf3 Nf6 4. e3 a6 5. Nc3 e6 6. Qc2 c5 7. cxd5 exd5 8. dxc5 Bxc5 9. Be2 0-0 10. 0-0 Nc6 11. Rd1 Ba7 12. Qb3 Be6 13. Qxb7 Na5 14. Qb4 Rb8 15. Qh4 Qc7 16. Bxa6 Nc6 17. Be2 Rb4 18. Qg3 Qb6 19. b3 Bb8 20. Qg5 Rg4 21. Na4 Qa7 0-1

[Event "EU-ch Blitz"]
[Site "Katowice"]
[Date "2022.12.16"]
[Round "13"]
[White "Pein, Malcolm"]
[Black "Pidluznij, Gleb"]
[Result "0-1"]
[WhiteElo "2302"]
[BlackElo "2159"]
[PlyCount "68"]
[EventDate "2022.12.16"]
[EventType "swiss (blitz)"]
[EventRounds "22"]
[EventCountry "POL"]
[SourceTitle "CBM 211 Extra"]
[Source "ChessBase"]
[SourceDate "2023.01.31"]
[SourceVersion "1"]
[SourceVersionDate "2023.01.31"]
[SourceQuality "1"]

1. d4 Nf6 2. c4 e6 3. Nc3 d5 4. Nf3 c6 5. Bg5 h6 6. Bxf6 Qxf6 7. e3 Bd6 8. Qc2 0-0 9. Be2 Nd7 10. 0-0-0 dxc4 11. Bxc4 Qe7 12. g4 b5 13. Be2 a6 14. Kb1 Bb7 15. g5 h5 16. g6 f5 17. Rhg1 c5 18. d5 b4 19. dxe6 Nf6 20. Na4 Be4 21. Rd3 Qxe6 22. Ng5 Bxd3 23. Bxd3 Qe5 24. Bc4+ Kh8 25. Nf7+ Rxf7 26. gxf7 Qxh2 27. Rd1 Qe5 28. f4 Qe7 29. Qxf5 Rd8 30. Nb6 Bc7 31. Rh1 Ng4 32. Rxh5+ Nh6 33. Qg5 Qe4+ 34. Kc1 Ra8 0-1

[Event "Lisbon Portugal rapid op"]
[Site "Lisbon"]
[Date "2022.09.04"]
[Round "9"]
[White "Pein, Malcolm"]
[Black "Miranda, Amilcar Alfredo"]
[Result "1-0"]
[WhiteElo "2304"]
[BlackElo "1871"]
[PlyCount "87"]
[EventDate "2022.09.03"]
[EventType "swiss (rapid)"]
[EventRounds "11"]
[EventCountry "POR"]
[SourceTitle "CBM 210 Extra"]
[Source "ChessBase"]
[SourceDate "2022.11.30"]
[SourceVersion "1"]
[SourceVersionDate "2022.11.30"]
[SourceQuality "1"]

1. d4 d5 2. c4 c6 3. Nf3 Nf6 4. Nc3 dxc4 5. e4 b5 6. e5 Nd5 7. Ng5 Bf5 8. Nxf7 Kxf7 9. Qf3 e6 10. g4 g6 11. Bg2 Bb4 12. 0-0 Bxc3 13. bxc3 Kg7 14. gxf5 exf5 15. a4 b4 16. cxb4 Nxb4 17. Rb1 a5 18. Bb2 Nd5 19. Ba3 Ra7 20. Bd6 Na6 21. Rfc1 c3 22. Rxc3 Nxc3 23. Qxc3 Nb4 24. Bxb4 axb4 25. Rxb4 Rc7 26. e6 Kh6 27. Rc4 Re8 28. d5 Ree7 29. Qe3+ g5 30. h4 Rg7 31. hxg5+ Kg6 32. Rh4 Qxg5 33. d6 Qxh4 34. dxc7 Rxc7 35. a5 Qe7 36. Qe5 c5 37. Bh3 Qg5+ 38. Kh2 Re7 39. a6 Qf6 40. Qxc5 Qxe6 41. a7 Qd7 42. Bxf5+ Qxf5 43. Qxf5+ Kxf5 44. a8Q 1-0

[Event "Lisbon Portugal rapid op"]
[Site "Lisbon"]
[Date "2022.09.03"]
[Round "7"]
[White "Silva, Mariana Sofia Teixe"]
[Black "Pein, Malcolm"]
[Result "1/2-1/2"]
[WhiteElo "1894"]
[BlackElo "2304"]
[PlyCount "88"]
[EventDate "2022.09.03"]
[EventType "swiss (rapid)"]
[EventRounds "11"]
[EventCountry "POR"]
[SourceTitle "CBM 210 Extra"]
[Source "ChessBase"]
[SourceDate "2022.11.30"]
[SourceVersion "1"]
[SourceVersionDate "2022.11.30"]
[SourceQuality "1"]

1. d4 Nf6 2. c4 g6 3. g3 Bg7 4. Bg2 0-0 5. Nc3 d6 6. Nf3 c6 7. e4 Qa5 8. 0-0 e5 9. h3 Nbd7 10. Be3 Qb4 11. Qb3 a5 12. dxe5 Nxe5 13. Nxe5 dxe5 14. Na4 Be6 15. Rac1 Nd7 16. Rfd1 Qxb3 17. axb3 b5 18. Nc5 Nxc5 19. Bxc5 Rfd8 20. Bf1 Bf8 21. Bb6 Rxd1 22. Rxd1 bxc4 23. bxc4 Be7 24. h4 a4 25. c5 f6 26. Be2 Kf7 27. Ra1 Bb3 28. Rc1 Ke6 29. Kf1 h5 30. Ke1 a3 31. bxa3 Rxa3 32. Kd2 Ra2+ 33. Ke3 Bf8 34. f4 exf4+ 35. gxf4 Rb2 36. Bf3 Bh6 37. Rg1 Kf7 38. Ra1 Ra2 39. Rxa2 Bxa2 40. Bc7 Ke6 41. Bd6 Bc4 42. Kd4 Bb5 43. Ke3 Bc4 44. Kd4 Bb5 1/2-1/2

[Event "BCF-chT 2122 (4NCL)"]
[Site "England"]
[Date "2022.05.01"]
[Round "8.83"]
[White "Blackburn, Jonathan LB"]
[Black "Pein, Malcolm"]
[Result "1/2-1/2"]
[WhiteElo "2227"]
[BlackElo "2308"]
[PlyCount "43"]
[EventDate "2021.11.27"]
[EventType "team-swiss"]
[EventRounds "11"]
[EventCountry "ENG"]
[SourceTitle "EXT 2023"]
[Source "ChessBase"]
[SourceDate "2022.10.05"]
[SourceVersion "1"]
[SourceVersionDate "2022.10.05"]
[SourceQuality "1"]
[WhiteTeam "West is Best"]
[BlackTeam "Celtic Tigers"]
[WhiteTeamCountry "ENG"]
[BlackTeamCountry "ENG"]

1. d4 Nf6 2. c4 e6 3. Nc3 d5 4. Bg5 Be7 5. e3 0-0 6. cxd5 exd5 7. Bd3 Nbd7 8. Nge2 Re8 9. Rc1 c6 10. Ng3 g6 11. h4 h5 12. Qc2 Nf8 13. Nce2 Ng4 14. Bxe7 Qxe7 15. Ng1 Qd6 16. N3e2 Ne6 17. Nf3 Ng7 18. Qc5 Qf6 19. Qb4 Re7 20. Ng3 a5 21. Qa3 Re8 22. 0-0 1/2-1/2

[Event "Titled Tuesday intern op 28th Dec"]
[Site "Chess.com INT"]
[Date "2021.12.28"]
[Round "2"]
[White "Baches Garcia, Guillermo"]
[Black "Pein, Malcolm"]
[Result "1-0"]
[WhiteElo "2329"]
[BlackElo "2308"]
[PlyCount "75"]
[EventDate "2021.12.28"]
[EventType "swiss (blitz)"]
[EventRounds "11"]
[EventCountry "USA"]
[SourceTitle "CBM 206 Extra"]
[Source "ChessBase"]
[SourceDate "2022.03.31"]
[SourceVersion "1"]
[SourceVersionDate "2022.03.31"]
[SourceQuality "1"]

1. e4 e5 2. Nf3 Nc6 3. Nc3 g6 4. d4 exd4 5. Nxd4 Bg7 6. Be3 d6 7. Qd2 Nf6 8. f3 0-0 9. 0-0-0 Nxd4 10. Bxd4 Be6 11. g4 a6 12. h4 c5 13. Be3 b5 14. Qxd6 Qa5 15. Qxc5 Rfc8 16. Qb6 Qb4 17. a3 Qf8 18. Qd6 Qe8 19. Bd4 Rd8 20. Qf4 Rxd4 21. Rxd4 Nh5 22. Qe3 Ng3 23. Rg1 Bxd4 24. Qxd4 Rd8 25. Qe3 Nxf1 26. Rxf1 Qe7 27. h5 b4 28. axb4 Qxb4 29. h6 Rb8 30. Nd1 Qc4 31. Qc3 Qxc3 32. Nxc3 g5 33. Rd1 f6 34. Rd6 Kf7 35. Rxa6 Bc4 36. Rc6 Be6 37. b3 Kg6 38. Rxe6 1-0

[Event "Titled Tuesday intern op 28th Dec"]
[Site "Chess.com INT"]
[Date "2021.12.28"]
[Round "4"]
[White "Pein, Malcolm"]
[Black "Petrova, Irina"]
[Result "0-1"]
[WhiteElo "2308"]
[BlackElo "2141"]
[PlyCount "66"]
[EventDate "2021.12.28"]
[EventType "swiss (blitz)"]
[EventRounds "11"]
[EventCountry "USA"]
[SourceTitle "CBM 206 Extra"]
[Source "ChessBase"]
[SourceDate "2022.03.31"]
[SourceVersion "1"]
[SourceVersionDate "2022.03.31"]
[SourceQuality "1"]

1. e4 d6 2. d4 Nf6 3. Nc3 e5 4. Nf3 Nbd7 5. Bc4 Be7 6. 0-0 0-0 7. Re1 c6 8. a4 h6 9. h3 Re8 10. Be3 Bf8 11. dxe5 Nxe5 12. Nxe5 Rxe5 13. Qd2 Qc7 14. Bd4 Re8 15. Bxf6 gxf6 16. Qf4 Be6 17. Bd3 Qb6 18. Re3 Bg7 19. Rg3 Kh8 20. Rb1 Rad8 21. b3 Qd4 22. Ne2 Qe5 23. Qh4 Rg8 24. f4 Qc5+ 25. Kh2 f5 26. exf5 Bxf5 27. Rxg7 Kxg7 28. Ng3 Bxd3 29. Nh5+ Kh8 30. Qf6+ Kh7 31. Qxf7+ Kh8 32. Qf6+ Kh7 33. cxd3 Qxh5 0-1

[Event "Titled Tuesday intern op 11th May"]
[Site "Chess.com INT"]
[Date "2021.05.11"]
[Round "3"]
[White "Kriti, Mayur Patel"]
[Black "Pein, Malcolm"]
[Result "1/2-1/2"]
[WhiteElo "1394"]
[BlackElo "2309"]
[PlyCount "134"]
[EventDate "2021.05.11"]
[EventType "swiss (blitz)"]
[EventRounds "11"]
[EventCountry "USA"]
[SourceTitle "CBM 202 Extra"]
[Source "ChessBase"]
[SourceDate "2021.07.31"]
[SourceVersion "1"]
[SourceVersionDate "2021.07.31"]
[SourceQuality "1"]

1. e4 d6 2. d4 Nf6 3. Nc3 g6 4. Be3 c6 5. f4 Qb6 6. Rb1 Bg7 7. Nf3 Bg4 8. Be2 d5 9. e5 Ne4 10. Nxe4 dxe4 11. Ng5 Bxe2 12. Qxe2 Qa5+ 13. b4 Qxa2 14. 0-0 0-0 15. Nxe4 Qd5 16. Ng5 f6 17. c4 Qd7 18. Nf3 Na6 19. Kh1 Nc7 20. Rbd1 b5 21. Nd2 a5 22. bxa5 Rxa5 23. Nb3 Ra3 24. Nc5 Qc8 25. Bc1 Rc3 26. cxb5 Nxb5 27. Bb2 fxe5 28. fxe5 Rxf1+ 29. Rxf1 Nxd4 30. Qd2 Rxc5 31. Qxd4 Rd5 32. Qf4 Qf5 33. Qc4 Qd7 34. h3 e6 35. Qb4 Rd1 36. Qb8+ Qd8 37. Qxd8+ Rxd8 38. Rc1 Rd5 39. Rxc6 Bxe5 40. Ba3 Bd4 41. Rc8+ Kf7 42. g4 e5 43. Kg2 e4 44. Rc7+ Ke6 45. Rxh7 Ra5 46. Bb4 Ra2+ 47. Kg3 Be5+ 48. Kh4 e3 49. Re7+ Kd5 50. Kg5 e2 51. Kxg6 Rb2 52. Ba5 Rb5 53. Bd2 Rb6+ 54. Kh7 Rb2 55. Be1 Rb1 56. Bh4 e1Q 57. Bxe1 Rxe1 58. Rd7+ Ke4 59. g5 Rh1 60. g6 Rxh3+ 61. Kg8 Rh8+ 62. Kf7 Rc8 63. g7 Bxg7 64. Kxg7 Rc5 65. Re7+ Kd4 66. Rd7+ Rd5 67. Rxd5+ Kxd5 1/2-1/2

[Event "EU-Cup Online Gr-A"]
[Site "Tornelo INT"]
[Date "2021.03.28"]
[Round "9.2"]
[White "Istratescu, Andrei"]
[Black "Pein, Malcolm"]
[Result "1-0"]
[WhiteElo "2553"]
[BlackElo "2309"]
[PlyCount "81"]
[EventDate "2021.03.27"]
[EventType "team-tourn (rapid)"]
[EventRounds "9"]
[EventCountry "NET"]
[SourceTitle "CBM 201 Extra"]
[Source "ChessBase"]
[SourceDate "2021.05.31"]
[SourceVersion "1"]
[SourceVersionDate "2021.05.31"]
[SourceQuality "1"]
[WhiteTeam "La Garde du Roi"]
[BlackTeam "Wood Green Monarchs"]
[WhiteTeamCountry "BEL"]
[BlackTeamCountry "ENG"]

1. e4 d6 2. d4 Nf6 3. f3 d5 4. e5 Nfd7 5. f4 c5 6. c3 Nc6 7. Be3 cxd4 8. cxd4 Nb6 9. Nc3 Bf5 10. Nge2 Nc4 11. Bc1 Nb4 12. Qa4+ Nc6 13. Ng3 Nb6 14. Qd1 Bd7 15. b3 Rc8 16. Bb2 e6 17. Rc1 h5 18. Nge2 h4 19. Ng1 Be7 20. Nf3 a6 21. Bd3 Na7 22. 0-0 g6 23. Qe2 Kf8 24. g4 hxg3 25. hxg3 Qe8 26. Kg2 Kg7 27. Rh1 Rxh1 28. Rxh1 Bb4 29. Nd1 Bb5 30. Ng5 Bxd3 31. Qxd3 Qb5 32. Qxb5 Rc2+ 33. Kf3 Nxb5 34. Rh7+ Kg8 35. Rxf7 Rd2 36. Rxb7 Rxd1 37. Rxb6 Rd3+ 38. Kg4 Be1 39. Nf3 Bc3 40. Bxc3 Rxc3 41. Rxa6 1-0

[Event "EU-Cup Online Gr-A"]
[Site "Tornelo INT"]
[Date "2021.03.27"]
[Round "1.3"]
[White "Kovacs, Gabor1111"]
[Black "Pein, Malcolm"]
[Result "1/2-1/2"]
[WhiteElo "2455"]
[BlackElo "2309"]
[PlyCount "63"]
[EventDate "2021.03.27"]
[EventType "team-tourn (rapid)"]
[EventRounds "9"]
[EventCountry "NET"]
[SourceTitle "CBM 201 Extra"]
[Source "ChessBase"]
[SourceDate "2021.05.31"]
[SourceVersion "1"]
[SourceVersionDate "2021.05.31"]
[SourceQuality "1"]
[WhiteTeam "Szombathely"]
[BlackTeam "Wood Green Monarchs"]
[WhiteTeamCountry "HUN"]
[BlackTeamCountry "ENG"]

1. c4 Nf6 2. Nf3 b6 3. g3 Bb7 4. Bg2 e6 5. 0-0 Be7 6. Nc3 0-0 7. Re1 c5 8. e4 d6 9. d4 cxd4 10. Nxd4 Qc7 11. b3 a6 12. Be3 Nbd7 13. Rc1 Rac8 14. Qe2 Qb8 15. f3 Rfe8 16. g4 h6 17. f4 Nc5 18. Bf2 e5 19. fxe5 dxe5 20. Nf5 Ne6 21. Nxe7+ Rxe7 22. Nd5 Nxd5 23. cxd5 Nd4 24. Qd3 Rxc1 25. Rxc1 Rc7 26. Rd1 Rc3 27. Qf1 Bc8 28. h3 Rc2 29. Qd3 Rc3 30. Qf1 Rc2 31. Qd3 Rc3 32. Qf1 1/2-1/2

[Event "Titled Tuesday intern op 6th June"]
[Site "Chess.com INT"]
[Date "2020.06.02"]
[Round "4"]
[White "Pein, Malcolm"]
[Black "Kraai, Jesse"]
[Result "0-1"]
[WhiteElo "2309"]
[BlackElo "2429"]
[PlyCount "73"]
[EventDate "2020.06.02"]
[EventType "swiss (blitz)"]
[EventRounds "10"]
[EventCountry "USA"]
[SourceTitle "CBM 196 Extra"]
[Source "ChessBase"]
[SourceDate "2020.07.31"]
[SourceVersion "1"]
[SourceVersionDate "2020.07.31"]
[SourceQuality "1"]

1. d4 e6 2. c4 Nf6 3. Nc3 Bb4 4. e3 0-0 5. Bd3 d5 6. a3 Bxc3+ 7. bxc3 dxc4 8. Bxc4 Nbd7 9. Ne2 b6 10. 0-0 Bb7 11. f3 c5 12. e4 Qc7 13. Bd3 Rac8 14. Qe1 a6 15. Qh4 e5 16. d5 b5 17. Ng3 c4 18. Bc2 g6 19. Bg5 Rfe8 20. Kh1 Kg7 21. Nf5+ gxf5 22. Bxf6+ Nxf6 23. Qg5+ Kf8 24. Qxf6 Kg8 25. exf5 Qd8 26. Qh6 f6 27. Rad1 Qd6 28. Rfe1 Kh8 29. Re4 Rg8 30. Rh4 Rg7 31. Be4 Rcg8 32. Qe3 Rxg2 33. f4 R2g7 34. Bf3 exf4 35. Qxf4 Qxa3 36. d6 Qb3 37. Qd2 0-1